000 00513nam a2200205Ia 4500
003 OSt
005 20250220092927.0
008 210210b1944 xxu||||| |||| 00| 0 eng d
040 _cAL
041 _aKannada
082 _a853/498
100 _aSHRIRANGA
_9136855
_dಶ್ರೀರಂಗ
245 _aJivana ranga
_bಜೀವನ ರಂಗ
260 _aDharavada
_b-
_c1944
650 _aranga
_9136856
650 _aJIvana
_9136857
690 _aKannada Drama
_9136858
906 _a019772
942 _2ddc
_cBK
999 _c143917
_d143917